The universal poems: (Record no. 156534)

MARC details
000 -LEADER
fixed length control field 00548nam a22001817a 4500
005 - DATE AND TIME OF LATEST TRANSACTION
control field 20180830105436.0
010 ## - LCCN (DPL NO)
LC control number ENG-123886
020 ## - INTERNATIONAL STANDARD BOOK NUMBER
Terms of availability 125.00
International Standard Book Number 9788180642562
035 ## - SYSTEM CONTROL NUMBER
System control number EN-107418
037 ## - SOURCE OF ACQUISITION
Source of stock number/acquisition DBAD/PUB
082 ## - DEWEY DECIMAL CLASSIFICATION NUMBER
Classification number 881
100 ## - MAIN ENTRY--PERSONAL NAME
Personal name Biswas, Gobinda
245 ## - TITLE STATEMENT
Title The universal poems:
Statement of responsibility, etc by Gobinda Biswas
Remainder of title world peace: homage to mahatma gandhi /
260 ## - PUBLICATION, DISTRIBUTION, ETC. (IMPRINT)
Date of publication, distribution, etc 2017
Place of publication, distribution, etc Kolkata
Name of publisher, distributor, etc Progressive Publishers
270 ## - ADDRESS
Address 37A, college street,
City Kolkata
Postal code 700073
300 ## - PHYSICAL DESCRIPTION
Dimensions 21cm.(Hb.)
Extent 128p.
942 ## - ADDED ENTRY ELEMENTS (KOHA)
Item type English Books
Source of classification or shelving scheme Dewey Decimal Classification
Call number suffix BIS
Classification part 881
Holdings
Withdrawn status Lost status Not for loan Collection code Home library Current library Date acquired Source of acquisition Cost, normal purchase price Full call number Barcode Copy number Cost, replacement price Koha item type
    Not For Loan Non-fiction D.B.Act.Division Bawana 29/08/2018 DBAD/PUB 125.00 881 BIS EN-107418 1 125.00 English Books

© Delhi Public Library
Hit Counter
free hit counter